00405cam a2200169ua 450000100060000000800390000604000090004504100080005408200080006210000300007024500390010025000120013926000330015130000100018465300190019465300220021310114170331n ii |||gr||||Z||||||asm cMAIN aasm a341 aGogoi, Purandar,eAuthor. aAntarjatik aaincBy Purandar Gogoi a8th ed. aDibrugarh:bBanalata,c2016. a240p. aLaw of nations aInternational law